LEADER 01292nam a2200217 4500 001 000000357789 003 CaOOAMICUS 005 20240328144111.0 008 240328s1908 be 000 u fre r 040 $aSeMil$bita 100 1 $aMercier, Désiré-Joseph,$c.$0(OLS)http://semarc/name/512 245 10$aConférence faite par Son Eminence Monseigneur D. S. Mercier, Cardinal Archevêque de Malines, à l'assemblée générale du Bien-Etre Social, en la Salle aAcadémique du Collège Saint-Servais, le 20 Décembre 1908. 264 1$aLiége :$bA. Bodson,$c1908. 300 $a32 p., IV, $b1 p. di ritratto ;$c25 cm 500 $aIn testa al front : Le Bien-Etre Social, Liége 600 14$aMercier, Désiré-Joseph .$0(OLS)http://semarc/subject/3589 850 $aSeMil 852 $aSeMil$W1$xVenegono$y1$m5B VI 5/34$j247176$B248959$CSeMilBibl$Z2$F248959 $81 996 $6245$aConférence faite par Son Eminence Monseigneur D. S. Mercier, Cardinal Archevêque de Malines, à l'assemblée générale du Bien-Etre Social, en la Salle aAcadémique du Collège Saint-Servais, le 20 Décembre 1908$9(OLS)http://semarc/title/448075 996 $6264$aLiége :$bA. Bodson$9(OLS)http://semarc/publisher/61670 LEADER 01254nam a2200301 i 4500 001 000000164934 003 CaOOAMICUS 005 20071002000000.0 008 071002s1967 it u000 u ita u 013 $a142302 040 $aSeMil$bita 100 1 $aTomasini, Giuseppe.$0(OLS)http://semarc/name/62289 245 13$aIl pensiero sociale del Card. G.B. Montini /$cGiuseppe Tomasini. 260 $aBrescia :$bSquassina,$cimprim. 1967. 300 $a234 p., [30] p. di tav. :$bill. ;$c25 cm. 500 $aContiene : Profilo biografico. - In custodia. - Fondo Card. Giovanni Colombo. 650 4$aPaolo VI - Dottrina sociale.$0(OLS)http://semarc/subject/8031 700 0 $aPaulus VI,$c.$0(OLS)http://semarc/name/803 850 $aSeMil 852 $aSeMil$W1$xVenegono$y1$m2A IV 413$j116133$B116133$CSeMilBibl$Z2$F128634 $81 900 1 $aMontini, Giovanni Battista,$d<1897-1978>. 900 0 $aPaolo VI$c. 941 1 $a3 961 $aLascito: Colombo Card. Giovanni 996 $6245$aIl pensiero sociale del Card. G.B. Montini$9(OLS)http://semarc/title/235342 996 $6260$aBrescia :$bSquassina$9(OLS)http://semarc/publisher/48597